00344nam a2200133Ia 450000500170000000800410001702000150005808200130007310000200008624500240010626000510013030000120018165000170019320250620023810.0240331s9999 xx 000 0 und d a9559111000 bPUNa323 aPunchihewa, S.G 0aMinis ayithivasikam aDehiwalabSarana Printing & Publicationsc1990 a72 p ., aHuman Rights